| 000 | 00735nam a22002297a 4500 | ||
|---|---|---|---|
| 001 | 0011711 | ||
| 003 | DO-SdBNP | ||
| 005 | 20161102101125.0 | ||
| 007 | 0011711 | ||
| 008 | 161102b 1975 sp||||| |||| 00| 0 spa d | ||
| 020 | _a842530514 | ||
| 040 |
_aBPMSU _bspa _cBPMSU |
||
| 082 |
_axxxxxxx _bxxxxxxx |
||
| 100 | 1 | _aZanini, Giuseppe | |
| 245 | 1 | 3 |
_aEl libro del porque / _cGiuseppe Zanini ; colaboradores Andrea Bonanni, Glauco Pretto ; traducción Arnoldo Mondadori, editor María Antonia Menini |
| 260 |
_aEspaña : _bGrijaldo, _bDanae, _c1975. |
||
| 300 |
_a188 p. : _bil., _c27 cm. |
||
| 490 | 1 | _aBiblioteca básica juvenil | |
| 830 | 0 | _aBiblioteca básica juvenil | |
| 942 |
_2ddc _cBK |
||
| 956 |
_aBTAVÁREZ _b10 _c20161102 _d0011711 |
||
| 999 |
_c11763 _d11763 |
||